<?xml version="1.0" encoding="UTF-8"?><?xml-stylesheet type="text/xsl" href="static/style.xsl"?><OAI-PMH xmlns="http://www.openarchives.org/OAI/2.0/" xmlns:xsi="http://www.w3.org/2001/XMLSchema-instance" xsi:schemaLocation="http://www.openarchives.org/OAI/2.0/ http://www.openarchives.org/OAI/2.0/OAI-PMH.xsd"><responseDate>2026-04-14T13:08:47Z</responseDate><request verb="GetRecord" identifier="oai:uvadoc.uva.es:10324/2995" metadataPrefix="marc">http://uvadoc.uva.es/oai/request</request><GetRecord><record><header><identifier>oai:uvadoc.uva.es:10324/2995</identifier><datestamp>2021-07-02T07:20:39Z</datestamp><setSpec>com_10324_1508</setSpec><setSpec>com_10324_894</setSpec><setSpec>col_10324_2924</setSpec></header><metadata><record xmlns="http://www.loc.gov/MARC21/slim" xmlns:doc="http://www.lyncode.com/xoai" xmlns:xsi="http://www.w3.org/2001/XMLSchema-instance" xmlns:dcterms="http://purl.org/dc/terms/" xsi:schemaLocation="http://www.loc.gov/MARC21/slim http://www.loc.gov/standards/marcxml/schema/MARC21slim.xsd">
<leader>00925njm 22002777a 4500</leader>
<datafield tag="042" ind1=" " ind2=" ">
<subfield code="a">dc</subfield>
</datafield>
<datafield tag="720" ind1=" " ind2=" ">
<subfield code="a">Gómez Company, Ariana</subfield>
<subfield code="e">author</subfield>
</datafield>
<datafield tag="260" ind1=" " ind2=" ">
<subfield code="c">2013</subfield>
</datafield>
<datafield tag="520" ind1=" " ind2=" ">
<subfield code="a">Las tecnologías de la información se presentan como herramientas de cambio para&#xd;
mejorar versiones estereotipadas de lo que se ha denominado diálogo entre élites políticas y ciudadanos. El objetivo general de este estudio se centra en la observación&#xd;
de las conversaciones que surgen en las redes sociales de Internet como parte de la&#xd;
estrategia on line de partidos para establecer parámetros comparativos entre prácticas de formaciones ya consolidadas frente a las de nueva creación.&#xd;
Los objetivos específicos que se persiguen son 1) reforzar el marco teórico de la&#xd;
ciberdemocracia sobre la idea de participación ciudadana como eje fundamental para&#xd;
la búsqueda de consenso en los procesos de toma de decisiones; 2) analizar el uso de aplicaciones que favorezcan nuevas vías para el diálogo entre ciudadanos y políticos; 3)plantear una metodología adecuada para el estudio de herramientas online que permita observar las prácticas dialógicas y la oportunidad de consenso; 4) definir el modelo de ciudadanía que surge como consecuencia de la incorporación de las TIC a la&#xd;
comunicación política.&#xd;
El marco temporal incluye un periodo político no analizado hasta el momento en el&#xd;
contexto de la ciberdemocracia y que se limita al periodo de inactividad electoral o de&#xd;
la denominada campaña permanente. La metodología propuesta nace a partir de una&#xd;
revisión teórica de estos conceptos e incluye a) la técnica cuantitativa del análisis de&#xd;
contenido, centrado en la plataforma Twitter y b) la aplicación de un método Delphi&#xd;
como técnica cualitativa.</subfield>
</datafield>
<datafield tag="024" ind2=" " ind1="8">
<subfield code="a">2º Congreso Nacional sobre Metodología de la Investigación en Comunicación. Coordinadores Marta Pacheco Rueda, Miguel Vicente Mariño y Tecla González Hortigüela. Valladolid: Facultad de Ciencias Sociales, Jurídicas y de la Comunicación, 2013, p. 321-336</subfield>
</datafield>
<datafield tag="024" ind2=" " ind1="8">
<subfield code="a">978‐84‐616‐4124‐6</subfield>
</datafield>
<datafield tag="024" ind2=" " ind1="8">
<subfield code="a">http://uvadoc.uva.es/handle/10324/2995</subfield>
</datafield>
<datafield ind1=" " ind2=" " tag="653">
<subfield code="a">Redes sociales (Internet)- Aspecto político</subfield>
</datafield>
<datafield tag="245" ind1="0" ind2="0">
<subfield code="a">Diálogo digital y consenso en la estrategia comunicativa de partidos políticos fuera de campaña</subfield>
</datafield>
</record></metadata></record></GetRecord></OAI-PMH>